Statistics for Word Scramble - 1M Cities in Asia

Click here to take the quiz!

General Stats

  • This quiz has been taken 125 times
  • The average score is 7 of 20

Answer Stats

City% Correct
Adana
100%
Amman
100%
Batam
100%
Beijing
100%
Chennai
100%
Cixi
100%
Damascus
100%
Dhaka
100%
Doha
100%
Gaza
100%
Hanoi
100%
Istanbul
100%
Izmir
100%
Jakarta
100%
Jilin
100%
Kuwait
100%
Manama
100%
Mosul
100%
Muscat
100%
Naha
100%
Pune
100%
Qom
100%
Riyadh
100%
Sanaa
100%
Taichung
100%
Tokyo
100%
Wuhu
100%
Wuxi
100%
Xiamen
100%
Xian
100%
Agra
80%
Baghdad
75%
Delhi
75%
Taipei
75%
Tbilisi
75%
Tehran
75%
Zibo
71%
Aleppo
67%
Baku
67%
Benxi
67%
Chongqing
67%
Harbin
67%
Jaipur
67%
Manila
67%
Medan
67%
Mumbai
67%
Surat
67%
Yerevan
67%
Zhengzhou
67%
Bangkok
60%
Jeddah
60%
Wuhan
60%
Ahmedabad
50%
Ahvaz
50%
Cebu
50%
Changsha
50%
Davao
50%
Denpasar
50%
Dubai
50%
Fukuoka
50%
Gujranwala
50%
Hiroshima
50%
Jamshedpur
50%
Karachi
50%
Kayseri
50%
Kirkuk
50%
Kolkata
50%
Osaka
50%
Qiqihar
50%
Salem
50%
Seoul
50%
Shanghai
50%
Shantou
50%
Tashkent
50%
Urumqi
50%
Vadodara
50%
Xinxiang
50%
Xuzhou
50%
Medina
43%
Suzhou
43%
Amritsar
40%
Ashgabat
40%
Taizhou
38%
Angeles
33%
Colombo
33%
Dammam
33%
Daqing
33%
Guangzhou
33%
Haikou
33%
Handan
33%
Jodhpur
33%
Kumamoto
33%
Lahore
33%
Mandalay
33%
Nanjing
33%
Omsk
33%
Peshawar
33%
Qingdao
33%
Rajkot
33%
Ranchi
33%
Yogyakarta
33%
Zhenjiang
33%
Quetta
29%
Busan
25%
Chandigarh
25%
Chifeng
25%
Huizhou
25%
Kota
25%
Linyi
25%
Moradabad
25%
Nanchang
25%
Tainan
25%
Changchun
20%
Fuzhou
20%
Gaziantep
20%
Hyderabad
20%
Jiaozuo
20%
Jinan
20%
Mysore
20%
Zhuhai
20%
Luoyang
17%
Shenyeng
17%
Malang
14%
Aligarh
0%
Allahabad
0%
Almaty
0%
Ankara
0%
Anshan
0%
Antalya
0%
Asansol
0%
Aurangabad
0%
Bandung
0%
Bangalore
0%
Baoding
0%
Baoji
0%
Baotou
0%
Bareilly
0%
Basra
0%
Beirut
0%
Bengbu
0%
Bhilai
0%
Bhopal
0%
Bursa
0%
Cangnan
0%
Changzhou
0%
Chengdu
0%
Chittagong
0%
Coimbatore
0%
Daegu
0%
Daejeon
0%
Dalian
0%
Datong
0%
Dhanbad
0%
Faisalabad
0%
Guilin
0%
Guiyang
0%
Guwahati
0%
Gwalior
0%
Gwangju
0%
Hamamatsu
0%
Hangzhou
0%
Hefei
0%
Hengyang
0%
Hohhot
0%
Huaibei
0%
Huainan
0%
Huaiyin
0%
Hubli
0%
Indore
0%
Irbil
0%
Isfahan
0%
Jabalpur
0%
Jiangyin
0%
Jinhua
0%
Jinzhou
0%
Jullundur
0%
Kabul
0%
Kaifeng
0%
Kanpur
0%
Kaohsiung
0%
Kathmandu
0%
Khulna
0%
Kitakyushu
0%
Kochi
0%
Konya
0%
Kunming
0%
Lanzhou
0%
Liuzhou
0%
Lucknow
0%
Ludhiana
0%
Maanshan
0%
Madurai
0%
Makassar
0%
Makkah
0%
Maoming
0%
Masan
0%
Mashhad
0%
Meerut
0%
Mianyang
0%
Multan
0%
Nagoya
0%
Nagpur
0%
Nanchong
0%
Nanning
0%
Nantong
0%
Nanyang
0%
Nasik
0%
Ningbo
0%
Okayama
0%
Palembang
0%
Patna
0%
Pekanbaru
0%
Putian
0%
Pyongyang
0%
Qingyuan
0%
Rangoon
0%
Rawalpindi
0%
Rizhao
0%
Sapporo
0%
Semarang
0%
Sendai
0%
Serang
0%
Shiraz
0%
Shizuoka
0%
Sholapur
0%
Singapore
0%
Srinagar
0%
Surabaya
0%
Surakarta
0%
Tabriz
0%
Taian
0%
Taiyuan
0%
Tangshan
0%
Tianjin
0%
Tiruppur
0%
Tripoli
0%
Ulsan
0%
Varanasi
0%
Vijayawada
0%
Wanxian
0%
Weifang
0%
Wenzhou
0%
Xiangfan
0%
Xiangtai
0%
Xiangtan
0%
Xining
0%
Yancheng
0%
Yangzhou
0%
Yantai
0%
Yichang
0%
Yinchuan
0%
Zhanjiang
0%
Zhuzhou
0%
Zunyi
0%

Score Distribution

Percentile by Number Answered

Percent of People with Each Score

Your Score History

You have not taken this quiz